00857cam a2200241 a 450000100100000000500170001000800410002704000390006804200120010704300120011908200200013110000580015124500430020926000380025230000440029050000190033465000340035365100500038791000280043704900090046595201240047499900170059800001486120200929163918.0720831s1954 nyua 001 0 eng d aDO-SdBNPcODaWUdOCoLCdDLCdBNPHU apremarc an-us-ny a301.0946bP961s1 aPritchett, V. S.,q(Victor Sawdon)d1900-1997.93367114aThe Spanish temper /cV. S. Pritchett. aNew York, :bHarper & Row,c1954. a[270], vii p. :billus., maps ;c21 cm. aIncludes index 4aSociologíazEspaña933672 4aEspañaxCaracterísticas Nacionales914233 aCatalogación derivada aBNGR 001053728MOaGRbGRcCTd2010-01-26iLF1l0o301.0946 P961sp14861-10r2020-06-25te. 1w2020-06-25y1ZNo se presta c14441d14441